Responses for Show #3774 - Thursday, January 18, 2001

Contestants

[<< previous game]

Tom Hoover, a student dentist from Minneapolis, Minnesota

Gina Morse, a high school librarian from Elmira, New York

Vaughan Williams, a lieutenant in the United States Navy from Arlington, Virginia (whose 2-day cash winnings total $20,900)

[next game >>]

Jeopardy! Round responses

FORMER WORLD LEADERS
BUILDING PARTS
STATES BY CITIES & TOWNS
AMERICAN BEER HISTORY
SUMMER SONGS
"Q...T"
    $100 1
Mikhail Gorbachev

Vaughan
    $100 3
Balcony

Vaughan
    $100 7
Nevada

Vaughan
    $100 12
Adolphus Busch

Vaughan
    $100 20
The Beach Boys

Gina
    $100 25
Quiet

Tom
    $200 2
Nelson Mandela

Gina
    $200 16
Loft

Tom
    $200 8
Arkansas

Gina
    $200 13
George Washington

Tom
    $200 21
The Rolling Stones

Tom
    $200 26
Quest

Vaughan
    $300 4
Indira Gandhi

Vaughan
    $300 17
Bay

Gina
    $300 9
Wisconsin

Tom
    $300 14
Manhattan

Triple Stumper
    $300 22
Bananarama

Gina
    $300 27
(Mary) Quant

Gina
    $400 5
Brian Mulroney

Vaughan
    $400 18
(G: What is a minaret?)

Mosque

Gina
Triple Stumper
    $500 10
(T: What is New York?)

Georgia

Tom
    $400 15
Internal Revenue Service (IRS)

Gina
    $400 23
The Lovin' Spoonful

Triple Stumper
    $400 28
(Alex: A military man would know that!)

Quonset

Vaughan
    $500 6
(T: Who is John Majors?)

John Major

VaughanTom
    $500 19
Conservatory

Vaughan
    $500 11
(V: What is Missouri?)

Illinois

Vaughan
Triple Stumper
    $500 30
Germany

Tom
    $500 24
"Porgy and Bess"

Vaughan
    $500 29
Quaint

Tom

Scores at the first commercial break (after clue 16):

Vaughan Gina Tom
$1,100 $800 -$300

Scores at the end of the Jeopardy! Round:

Vaughan Gina Tom
$2,700 $1,400 $1,000

Double Jeopardy! Round responses

ANCIENT TIMES
LITERARY CROSSWORD CLUES "T"
DAMN, I'VE GOT GREAT PLUMAGE
WHERE FOR ART
TAO
ROMEOS
    $200 3
Gladiator

Vaughan
    $200 2
Tolkien

Vaughan
    $200 1
Scarlet

Gina
    $200 18
The Louvre

Gina
    $200 23
Pooh

Gina
    $200 11
Leonardo DiCaprio

Tom
    $400 4
Aristotle

Triple Stumper
    $400 7
Thatcher

Gina
    $400 14
Wild Turkey

Tom
    $400 19
The Prado

Gina
    $400 24
Nothing

Gina
    $400 12
Sir Laurence Olivier

Tom
    $500 5
(V: Who was Helen?)

Salome

Vaughan
    $600 8
Tom (Jones)

Triple Stumper
    $600 15
(T: What is an egret?)

Heron

GinaTom
    $600 20
The British Museum

Triple Stumper
    $600 25
The way

Tom
    $600 13
Rudolf Nureyev

Triple Stumper
    $800 6
(V: What is pain?)

Fertility

Vaughan
Triple Stumper
    $800 9
Titania

Gina
    $800 16
Snowy

Gina
    $800 21
(V: What is Sydney?)

Canberra

Vaughan
Triple Stumper
    $800 26
Confucianism

Vaughan
    $800 27
Theda Bara

Gina
    $1000 22
Han

Triple Stumper
    $1000 10
"Typee"

Gina
    $1000 17
(V: What is a hummingbird?)

Wren

VaughanGina
    $1000 29
George Eastman

Gina
    $1000 28
Zen

Gina
    $800 30
(G: [no response])

Franco Zeffirelli

Gina

Scores at the end of the Double Jeopardy! Round:

Vaughan Gina Tom
$800 $9,400 $2,000
(lock game)

[wagering suggestions for these scores]

Final Jeopardy! Round responses

FAMOUS AMERICANS
VaughanWho was Edison
$800
TomWho was Thomas Edison?
$0
GinaWho was ?
$600
Thomas Alva Edison

Final scores:

Vaughan Gina Tom
$1,600 $8,800 $2,000
3rd place: MyPoints.com Gift Certificate New champion: $8,800 2nd place: Trip to White Mountains of New Hampshire

Game dynamics:

Coryat scores:

Vaughan Gina Tom
$1,300 $10,200 $2,500
14 R,
5 W
(including 1 DD)
21 R,
2 W
(including 1 DD)
11 R,
3 W
(including 1 DD)

Combined Coryat: $14,000

[game clues] [game scores] [suggest correction]

Game tape date: 2000-11-07
The J! Archive is created by fans, for fans. Scraping, republication, monetization, and malicious use prohibited; this site may use cookies and collect identifying information. See terms. The Jeopardy! game show and all elements thereof, including but not limited to copyright and trademark thereto, are the property of Jeopardy Productions, Inc. and are protected under law. This website is not affiliated with, sponsored by, or operated by Jeopardy Productions, Inc. Join the discussion at JBoard.tv.